000 00369nam a22001337a 4500
020 _qPB.
040 _cFIZZA ISHAQ
082 _a973
_bDOU
100 _aLITTELL,DOUGAL.
_9133951
245 _aCREATING AMERICA BEGINNINGS THROUGH RECONSTRUCTION /
_cDOUGAL LITTLE.
260 _aNEW YORK ;
_bMcDougal Littell,
_c1978.
300 _a76 P. ;
_c11.3X8.6IN
942 _2ddc
_cBK
999 _c616867
_d616867